Score 0/49 Timer 10:00
13 Plays Today
Last season Club % Correct
2020/21Manchester United
97.7%
2020/21Arsenal
97.6%
2020/21Manchester City
97.4%
2020/21Liverpool
97%
2020/21Chelsea
96.5%
2020/21Aston Villa
95.2%
2020/21Tottenham Hotspur
95%
2020/21Everton
95%
2020/21Newcastle United
93.9%
2020/21West Ham United
93.1%
2019/20Norwich City
91.4%
2020/21Leeds United
91.1%
2020/21Wolverhampton Wanderers
90.8%
2020/21Southampton
90.7%
2020/21Leicester City
90.5%
2020/21Brighton & Hove Albion
89.8%
2020/21Sheffield United
89.7%
2016/17Sunderland
88.7%
2019/20Bournemouth
88.6%
2020/21Crystal Palace
88.3%
2020/21Burnley
88.1%
2020/21Fulham
87.4%
2020/21West Bromwich Albion
87.4%
2019/20Watford
84.7%
2018/19Cardiff City
84.5%
Last season Club % Correct
2011/12Blackburn Rovers
83.3%
2017/18Swansea City
82.9%
1999/2000Sheffield Wednesday
82.7%
2009/10Portsmouth
82.1%
2010/11Birmingham City
81.2%
2007/08Derby County
80.8%
2016/17Middlesbrough
80.1%
2011/12Bolton Wanderers
77.4%
2014/15Queens Park Rangers
76.4%
1998/99Nottingham Forest
74.3%
2017/18Stoke City
74.3%
2018/19Huddersfield Town
74.2%
2016/17Hull City
74.1%
2001/02Ipswich Town
73.4%
2012/13Wigan Athletic
71.2%
2006/07Charlton Athletic
71%
2010/11Blackpool
68.4%
2012/13Reading
65.6%
1999/2000Wimbledon
64.3%
2000/01Coventry City
62.4%
1997/98Barnsley
58.9%
2000/01Bradford City
58.2%
1993/94Oldham Athletic
54.1%
1993/94Swindon Town
53.1%
Remove Ads.
Support Sporcle.
Get the best of Sporcle when you Go Orange. This ad-free experience offers more features, more stats, and more fun while also helping to support Sporcle. Thank you for becoming a member.

You're not logged in!

Compare scores with friends on all Sporcle quizzes.
OR
Log In

Show Comments

Extras

Top Quizzes Today


Score Distribution

Your Account Isn't Verified!

In order to create a playlist on Sporcle, you need to verify the email address you used during registration. Go to your Sporcle Settings to finish the process.

Report this User

Report this user for behavior that violates our Community Guidelines.

Details: